FUNDAMENTALS OF HUMAN RESOURCE MANAGEMENT (Record no. 49640)
[ view plain ]
| 000 -LEADER | |
|---|---|
| fixed length control field | nam a22 7a 4500 |
| 003 - CONTROL NUMBER IDENTIFIER | |
| control field | OSt |
| 005 - DATE AND TIME OF LATEST TRANSACTION | |
| control field | 20200204110225.0 |
| 008 - FIXED-LENGTH DATA ELEMENTS--GENERAL INFORMATION | |
| fixed length control field | 200204b xxu||||| |||| 00| 0 eng d |
| 040 ## - CATALOGING SOURCE | |
| Transcribing agency | IIMT COLLEGE OF ENGINEERING,GREATER NOIDA |
| 100 ## - MAIN ENTRY--PERSONAL NAME | |
| Personal name | DESSLER,GARY & VARKKEY,B. |
| 245 ## - TITLE STATEMENT | |
| Title | FUNDAMENTALS OF HUMAN RESOURCE MANAGEMENT |
| 260 ## - PUBLICATION, DISTRIBUTION, ETC. | |
| Place of publication, distribution, etc. | NEW DELHI |
| Name of publisher, distributor, etc. | PEARSON |
| Date of publication, distribution, etc. | 2011 |
| 300 ## - PHYSICAL DESCRIPTION | |
| Extent | 450 |
| 942 ## - ADDED ENTRY ELEMENTS (KOHA) | |
| Source of classification or shelving scheme | |
| Koha item type | Reference Book |
| Withdrawn status | Lost status | Source of classification or shelving scheme | Damaged status | Not for loan | Home library | Current library | Date acquired | Source of acquisition | Total Checkouts | Barcode | Date last seen | Price effective from | Koha item type |
|---|---|---|---|---|---|---|---|---|---|---|---|---|---|
| NOIDA IIMT College of Engineering MBA | NOIDA IIMT College of Engineering MBA | 02/04/2020 | TRANSFER FROM PGDM | 21-B-5629 | 02/04/2020 | 02/04/2020 | Reference Book |

